Тонкая рябина: повесть, рассказы

Dades bibliogràfiques
Autor principal: Панченко И. Т. Иван Трофимович
Altres autors: Афанасенко Л. А. (иллюстратор)
Sumari:Исключено из фонда НТБ ТПУ
Idioma:rus
Publicat: Минск, Мастацкая лiтаратура, 1992
Format: Llibre
KOHA link:https://koha.lib.tpu.ru/cgi-bin/koha/opac-detail.pl?biblionumber=146827

MARC

LEADER 00000nam0a2200000 4500
001 146827
005 20231031144759.0
010 |a 5340006891 
020 |a RU  |b 92-21332 
035 |a (RuTPU)RU\TPU\book\159156 
090 |a 146827 
100 |a 20081105d1992 m y0rusy5003 ca 
101 0 |a rus 
102 |a RU 
105 |a a z 000ay 
200 1 |a Тонкая рябина  |e повесть, рассказы  |f И. Т. Панченко  |g худож. Л. А. Афанасенко 
210 |a Минск  |c Мастацкая лiтаратура  |d 1992 
215 |a 316,[2] с.  |c ил. 
333 |a Исключено из фонда НТБ ТПУ 
700 1 |a Панченко  |b И. Т.  |g Иван Трофимович 
702 1 |a Афанасенко  |b Л. А.  |4 440 
801 0 |a RU  |b RuMRKP  |c 19950417  |g psbo 
801 1 |a RU  |b 63413507  |c 20081105  |g PSBO 
801 2 |a RU  |b 63413507  |c 20220516  |g PSBO 
942 |c BK